Cần khai thác sử liệu một cách nghiêm túc /
সংরক্ষণ করুন:
| প্রধান লেখক: | |
|---|---|
| অন্যান্য লেখক: | |
| বিন্যাস: | প্রবন্ধ |
| ভাষা: | Vietnamese |
| বিষয়গুলি: | |
| ট্যাগগুলো: |
ট্যাগ যুক্ত করুন
কোনো ট্যাগ নেই, প্রথমজন হিসাবে ট্যাগ করুন!
|
| Thư viện lưu trữ: | Thư viện Trường Đại học Đà Lạt |
|---|
| LEADER | 00819nam a2200277 4500 | ||
|---|---|---|---|
| 001 | DLU090086501 | ||
| 005 | ##20090922 | ||
| 040 | # | # | |a DLU |b vie |
| 041 | # | # | |a vie |
| 044 | # | # | |a vn |
| 100 | # | # | |a Lâm Đỉnh. |
| 245 | # | # | |a Cần khai thác sử liệu một cách nghiêm túc / |c Lâm Đỉnh, Nhật Tảo. |
| 653 | # | # | |a Nghiên cứu khoa học |
| 653 | # | # | |a Phương pháp nghiên cứu |
| 653 | # | # | |a Tài liệu khoa học |
| 700 | # | # | |a Nhật Tảo. |
| 773 | # | # | |t Nghiên cứu lịch sử |g Số 5(194), 1980, tr. 88-91 |
| 920 | # | # | |a Phòng Tạp chí -- Trung tâm Thông tin - Thư viện Trường Đại học Đà Lạt |
| 994 | # | # | |a DLU |
| 900 | # | # | |a True |
| 911 | # | # | |a Nguyễn Thị Linh Chi |
| 925 | # | # | |a G |
| 926 | # | # | |a A |
| 927 | # | # | |a BB |
| 980 | # | # | |a Thư viện Trường Đại học Đà Lạt |